| 000 | 00842nam a2200205Ia 4500 | ||
|---|---|---|---|
| 999 |
_c40824 _d40824 |
||
| 001 | 7464 | ||
| 003 | GE_BSU | ||
| 005 | 20231211155520.0 | ||
| 008 | 181216s1962||||ge |||||||||||||| ||geo|| | ||
| 040 | _cGE_BSU | ||
| 041 | _ageo | ||
| 080 | _a821.353.1-31+821.353.-32 დ-26 | ||
| 100 |
_aდგებუაძე–ფულარია, ფუცუ _920637 |
||
| 245 |
_aთხზულებანი / _cფუცუ დგებუაძე–ფულარია ; რედ. ოთარ ჭურღულია. |
||
| 264 |
_aსოხუმი : _bაფხაზსახელგამი, _c1962. |
||
| 300 |
_a538 გვ. : _b1 ფოტ. პორტრ. ; _c22 სმ. |
||
| 653 | _aთხზულებანი | ||
| 700 |
_aჭურღულია, ოთარ _eრედაქტორი _920661 |
||
| 942 |
_cBK _2udc |
||